| 000 | 00937nam a22002537a 4500 | ||
|---|---|---|---|
| 005 | 20170123162312.0 | ||
| 010 | _aB-209141 | ||
| 020 | _c70.00 | ||
| 035 | _aB-209141 | ||
| 037 | _bCen Lib/Ret | ||
| 040 |
_aDPL _bUR |
||
| 082 |
_a841.08 _bم و م |
||
| 100 |
_aساییڈ امتیاز احمد اشرفی _9111818 |
||
| 245 |
_aمطالع مومن کا ایک گمشدہ حوالہ _cساییڈ امتیاز احمد اشرفی _b |
||
| 246 |
_aMutala-e-momin ka ek gumshuda hawala / _bby Sayyed Imtiyaz Ahmad Ashrafi |
||
| 260 |
_aعلیگڑھ _bایجوکیشن بک ہاؤس _c2005 |
||
| 270 |
_bعلیگڑھ _aشمشاد مارکیٹ |
||
| 300 |
_a111p. _c21cm(Hb) |
||
| 650 |
_a ادب - اردو _9111819 |
||
| 650 |
_a اردو شاعری پر تنقید _9107863 |
||
| 650 |
_aLiterature -- Urdu _9111820 |
||
| 650 |
_aUrdu poetry criticism _9107865 |
||
| 942 |
_2ddc _cUR _h841.08 _mف ر ا |
||
| 999 |
_c106448 _d106448 |
||